000 00337nam a2200145Ia 4500
008 230312s9999||||xx |||||||||||||| ||und||
020 _a978812391583
082 _a612
_bPHA
245 0 _aPharmaceutical Chemistry
260 _bCBS Publisher
_c2008
300 _a504
546 _aEng.
650 _aPharmacy
_vPharmaceutics
942 _cBK
999 _c4130
_d4130